书目信息 |
| 题名: |
英美概况
|
|
| 作者: | 温洪瑞 李学珍 主编 | |
| 分册: | ||
| 出版信息: | 山东 山东大学出版社 2005 |
|
| 页数: | 467页 | |
| 开本: | 20cm | |
| 丛书名: | ||
| 单 册: | ||
| 中图分类: | K956.1 | |
| 科图分类: | ||
| 主题词: | 地理 | |
| 电子资源: | ||
| ISBN: | 7-5607-1833-7 | |
| 000 | 00543nam0 2200181 450 | |
| 001 | 0755227312 | |
| 005 | 20070828152027.31 | |
| 010 | @a7-5607-1833-7@d¥22.00 | |
| 100 | @a20070828d km y0chiy0120 ea | |
| 101 | 0 | @achi |
| 200 | 1 | @a英美概况@Aying mei gai kuang@f温洪瑞 李学珍 主编@Fwen hong rui li xue zhen zhu bian |
| 210 | @a山东@c山东大学出版社@d2005 | |
| 215 | @a467页@d20cm | |
| 606 | 0 | @a地理 |
| 690 | @aK956.1@v3 | |
| 701 | 0 | @a温洪瑞 李学珍@Awen hong rui li xue zhen@4主编 |
| 801 | 0 | @aCN@bPFT@c20070828 |
| 905 | @a213230@dK956.1@eW3@f1 | |
| 英美概况/温洪瑞 李学珍 主编.-山东:山东大学出版社,2005 |
| 467页;20cm |
| ISBN 7-5607-1833-7:¥22.00 |
| ● |
| 相关链接 |
|
|
|
|
正题名:英美概况
索取号:K956.1/W3
 
预约/预借
| 序号 | 登录号 | 条形码 | 馆藏地/架位号 | 状态 | 备注 |
| 1 | 0707132 | 207071327 | 密集书库—外国语学院/ [索取号:K956.1/W3] | 在馆 | |
| 2 | 0707133 | 207071336 | 密集书库—外国语学院/ [索取号:K956.1/W3] | 在馆 |